Personnalités francophones par initiales - K/L - Statistiques

Statistiques générales
  • Ce quiz a été pris 121 fois
  • Le résultat moyen est 16 sur 26
Statistiques - réponses
Indice Réponse % Correct
KL Animatrice de télévision qui présente L'amour est dans le pré depuis 2010 Karine Le Marchand
97%
KM Acteur qui a joué dans Les Choristes et Bienvenue chez les Ch'tis Kad Merad
95%
KA Acteur qui a joué dans la série Soda Kev Adams
95%
KG Il a interprété Andalouse et Color Gitano Kendji Girac
93%
LP Il a découvert le vaccin contre la rage Louis Pasteur
87%
LX Le Roi-Soleil Louis XIV
87%
KB Il a reçu le Ballon d'or en 2022 Karim Benzema
86%
KF Mannequin et animatrice, elle a présenté The Voice de 2013 à 2021 Karine Ferri
82%
LF Il a été rabbin, chef d'orchestre, gangster ou encore gendarme Louis de Funès
79%
LI Roi des Français pendant la Monarchie de Juillet Louis-Philippe Ier
79%
LT Il est l'un des footballeurs les plus sélectionnés en équipe de France Lilian Thuram
74%
LJ Premier ministre de Jacques Chirac, de 1997 à 2002 Lionel Jospin
73%
LC Interprète de Tout ce qu'on veut dans la vie et père de M Louis Chedid
66%
LV Il a interprété Rockollection et Le pouvoir des fleurs Laurent Voulzy
64%
LD Journaliste, présentateur des journaux du week-end sur France 2 Laurent Delahousse
61%
LG Humoriste qui se distingue par son grand nombre d'imitations de personnalités politiques et médiatiques Laurent Gerra
59%
LW Maire du Puy-en-Velay de 2008 à 2016 et président de LR de 2017 à 2019 Laurent Wauquiez
51%
LS Journaliste qui présente l'émission Quelle époque ! depuis 2022 Léa Salamé
50%
LB Président du conseil des Ministres et membre du Front Populaire Léon Blum
44%
LR Actrice, chanteuse et meneuse de revue, elle a interprété Étoile des neiges Line Renaud
41%
LZ Journaliste et animateur, il a présenté le journal télévisé de 1958 à 1975 Léon Zitrone
40%
KP Journaliste et romancière, elle a écrit Moi d'abord et Les Yeux jaunes des crocodiles Katherine Pancol
32%
LA Poète et romancier qui a écrit Les Yeux d'Elsa et Les Cloches de Bâle Louis Aragon
32%
LM Institutrice féministe et communarde Louise Michel
29%
KC Chanteuse et animatrice radio, elle a interprété Les nouveaux romantiques Karen Cheryl
25%
LL Poétesse célèbre pour son sonnet Je vis, je meurs Louise Labé
14%
Aucun quiz correspondant
Distribution des résultats
% des personnes avec chaque résultat
Percentile par nombre de réponses
Votre historique - résultats
Vous n’avez pas pris ce quiz